000 00470nam a22001457a 4500
999 _c130376
_d130376
008 200218b ||||| |||| 00| 0 eng d
050 _aBS2485.M345 2006
100 _aMalachi, Tau
_949559
245 _aSt. Mary Magdalene
_bthe gnostic tradition of the Holy Bride
_cTau Malachi
260 _aMinnesota
_bLlewellyn Publications
_c2006
300 _axvii, 198p. ;
_c23cm.
600 _aMary Magdalene, Saint
_912380
650 _aGnosticism
_92788
942 _2lcc
_cMONOGRAPH